000 00458nam a2200181Ia 4500
001 44236
008 140428s9999 xx 000 0 und d
020 _aNA
040 _cPK-LaUMT
082 _aRHC 891.4393
_bTAR-A
100 _aTariq Ali
245 _aAnaar kay saayay (Urdu)
_cTariq Ali
260 _aLahore,Pakistran:
_bThe Frontier Post Publications,
_c1993
300 _a272 p.
546 _aUR
650 _aPakistan literature-Urdu
942 _cBK
999 _c42229
_d42229